000 01051nam a2200325 i 4500
001 768714001
003 CO-MdFUSB
005 20210823163533.0
007 ta
008 210823t1986 ck |||| |||| 00| 0 spa d
020 _a8482770918
040 _aCO-MdFUSB
_bspa
_cCO-MdFUSB
_dCO-MdFUSBC
_erda
041 _aspa
082 _223
_a362.7042
_bV721
100 _aVillar Gaviria, Álvaro,
_eautor
245 3 _aEl niño, otro oprimido
_c/ Álvaro Villar Gaviria
264 1 _aBogotá :
_bCarlos Valencia Editores,
_c[1986]
264 4 _c© 1986
300 _a114 páginas
_c; 21 cm
336 _2rdacontent
_atexto
_btxt
337 _2rdamedia
_asin mediación
_bn
338 _2rdacarrier
_avolumen
_bnc
504 _aIncluye referencias bibliográficas(páginas 107-114)
505 _aDeclaración de los derechos del niño. -- Introducción. -- Dificultades escolares. -- Dificultades alimentarias. -- Masturbación.
563 _aRústico
650 7 _9100
_aEducación infantil
653 _aInfancia
942 _cBK
945 _aJTF-925
999 _c66844
_d66844